| 000 | 00753nam a2200253Ia 4500 | ||
|---|---|---|---|
| 999 |
_c53742 _d53742 |
||
| 001 | 20790 | ||
| 003 | GE_BSU | ||
| 005 | 20221111141918.0 | ||
| 008 | 181216s2014||||enk|||||||||||||| ||eng|| | ||
| 020 | _a9781780766850x | ||
| 040 | _cGE_BSU | ||
| 041 | _aeng | ||
| 080 | _a327 Th-44 | ||
| 100 |
_aCorner, Mark _911219 |
||
| 245 | 4 |
_aThe European Union : _bAn Introduction / _cMark Corner. |
|
| 264 |
_aLondon : _bPublished by I.B.Tauris, _c2014. |
||
| 300 |
_a264 p. ; _c22 cm. |
||
| 500 | _aIndex. : p. 259-264 | ||
| 653 | _aЕвропейский союз : введение | ||
| 653 | _aПолитика | ||
| 653 | _aევროკავშირი : შესავალი | ||
| 653 | _aპოლიტიკა | ||
| 942 |
_cBK _2udc |
||